Stolice do nauki dla jakubeq - Statystyki

Ogólne statystyki
  • Ten quiz został rozwiązany 2 razy
  • Średni wynik to 25 z 69
Statystyki odpowiedzi
Państwo Stolica % Poprawnych
Etiopia Addis Abeba
100%
Jordania Amman
50%
Samoa Apia
50%
Erytrea Asmara
50%
Turkmenistan Aszchabad
50%
Mali Bamako
50%
Gambia Bandżul
50%
Środkowa Afryka Bangi
50%
Kirgistan Biszkek
50%
Kongo Brazzaville
50%
Barbados Bridgetown
50%
Timor Wschodni Dili
50%
Tanzania Dodoma
50%
Tdzykistan Duszanbe
50%
Sudan Południowy Dżuba
50%
Burundi Gitega
50%
Zimbabwe Harare
50%
Kamerun Jaunde
50%
Uganda Kampala
50%
Nepal Katmandu
50%
Rwanda Kigali
50%
DRK Kinszasa
50%
Gwinea Konakry
50%
Malezja Kuala Lumpur
50%
Gabon Libreville
50%
Malawi Lilongwe
50%
Togo Lomé
50%
Angola Luanda
50%
Zambia Lusaka
50%
Gwinea Równikowa Malabo
50%
Mozambik Maputo
50%
Lesotho Maseru
50%
Oman Maskat
50%
Suazi Mbabane
50%
Somalia Mogadiszu
50%
Liberia Monrovia
50%
Mauretania Nawakszut
50%
Czad Ndżamena
50%
Kambodża Phnom Penh
50%
Papua-Nowa Gwinea Port Moresby
50%
Benin Porto-Novo
50%
Zielony Przylądek Praia
50%
Fidżi Suva
50%
Tajwan Tajpej
50%
Uzbekistan Taszkent
50%
Bhutan Thimphu
50%
Burkina Faso Wagadugu
50%
Namibia Windhuk
50%
Brunei Bandar Seri Begawan
0%
Saint Kitts i Nevis Basseterre
0%
Saint Lucia Castries
0%
Tuvalu Funafuti
0%
Botswana Gaborona
0%
Wyspy Salomona Honiara
0%
WKS Jamusukro
0%
Wyspy Marshalla Majuro
0%
Komory Moroni
0%
Mjanma Naypyidaw
0%
Palau Ngerulmud
0%
Tonga Nuku'alofa
0%
Mikronezja Palikir
0%
Mauritius Port Louis
0%
Vanuatu Port Vila
0%
Dominika Roseau
0%
Grenada Saint George's
0%
Antigua i Barbuda Saint John's
0%
Kiribati Tarawa
0%
Seszele Victoria
0%
Nauru Yaren
0%
Nie znaleziono quizów pasujących do podanych kryteriów
Rozkład punktacji
Procent ludzi z każdym wynikiem
Percentyl według liczby udzielonych odpowiedzi
Twoja historia wyników
Nie rozwiązałeś tego quizu